[Event "AUTO-ADV-3366"]
[Site "http://www.queenalice.com/game.php?id=1345072"]
[Date "2015.3.2"]
[Round "1"]
[White "Tartarugus"]
[Black "sadock8472"]
[Result "0-1"]
[WhiteElo "1724"]
[BlackElo "1746"]

1. e4 d6 2. d4 Nf6 3. Nc3 g6 4. Nf3 Bg7 5. d5 Bd7 6. Bc4 O-O 7. O-O c6 8. Re1 b5
9. dxc6 Bxc6 10. Bxb5 Bxb5 11. Nxb5 Nc6 12. Bg5 Rb8 13. Nbd4 Nxd4 14. Nxd4 Rxb2
15. Bxf6 Bxf6 0-1

[Event "AUTO-ADV-3366"]
[Site "http://www.queenalice.com/game.php?id=1345073"]
[Date "2015.3.2"]
[Round "1"]
[White "sadock8472"]
[Black "Tartarugus"]
[Result "1-0"]
[WhiteElo "1730"]
[BlackElo "1740"]

1. d4 d5 2. Nf3 Nc6 3. Bf4 Bg4 4. e3 Bxf3 5. Qxf3 Nf6 6. Nc3 e6 7. a3 Bd6 8. Be2
Bxf4 9. Qxf4 O-O 10. O-O Re8 11. Rad1 Qd6 12. Qxd6 cxd6 13. g4 Ne4 14. Nxe4 dxe4
15. c4 1-0

[Event "AUTO-ADV-3366"]
[Site "http://www.queenalice.com/game.php?id=1345080"]
[Date "2015.3.2"]
[Round "1"]
[White "sadock8472"]
[Black "flanny"]
[Result "1-0"]
[WhiteElo "1761"]
[BlackElo "1754"]

1. e4 e5 2. Nf3 Nf6 3. Nc3 d5 4. exd5 e4 5. Ne5 Nxd5 6. Nxe4 Qe7 7. d4 Bf5 8.
Qf3 g6 9. Ng5 Be6 10. Bc4 c6 11. Nxe6 fxe6 12. Bg5 Qc7 13. Bxd5 cxd5 14. Qf6 Bg7
15. Qxe6+ Kf8 16. Bd8 Bxe5 17. Bxc7 Bxc7 18. Qc8+ Kg7 19. Qxc7+ Kh6 20. Qf4+ Kg7
21. Qe5+ Kh6 22. Qxh8 1-0

[Event "AUTO-ADV-3366"]
[Site "http://www.queenalice.com/game.php?id=1345081"]
[Date "2015.3.2"]
[Round "1"]
[White "flanny"]
[Black "sadock8472"]
[Result "0-1"]
[WhiteElo "1721"]
[BlackElo "1777"]

1. e4 c5 2. Qh5 d6 3. Bc4 e6 4. d4 cxd4 5. Bg5 Be7 6. Bxe7 Qxe7 7. Nf3 Nf6 8.
Qh3 Nxe4 9. Bb5+ Bd7 10. a4 d5 11. g3 Qb4+ 12. Nbd2 Bxb5 13. axb5 Qxb2 14. Rd1
Nc3 15. O-O Nxd1 16. Rxd1 Qxc2 17. Qf1 Nd7 18. Nxd4 Qb2 19. N2b3 O-O 20. Rd2 Qa3
21. Rd3 Qb4 22. Nd2 Ne5 23. Nc2 Qb2 24. Nf3 Nxf3+ 25. Rxf3 Qxc2 26. Kg2 Qe4 27.
Qc1 Rac8 28. Qa3 d4 29. Qxa7 Rc3 30. Qa1 Qxf3+ 31. Kg1 Rfc8 0-1

[Event "AUTO-ADV-3366"]
[Site "http://www.queenalice.com/game.php?id=1375490"]
[Date "2015.8.4"]
[Round "2"]
[White "mauricio_sm"]
[Black "sadock8472"]
[Result "1-0"]
[WhiteElo "1921"]
[BlackElo "1792"]

1. e4 c5 2. Nf3 d6 3. d4 cxd4 4. Nxd4 Nf6 5. Nc3 Nc6 6. Be3 Qa5 7. Qd2 e5 8. Nb3
Qc7 9. Bb5 Bd7 10. Nd5 Nxd5 11. exd5 Ne7 12. Bxd7+ Qxd7 13. c4 Nf5 14. O-O Be7
15. Qc2 Nxe3 16. fxe3 Rc8 17. Qe2 O-O 18. Nd2 f5 19. b3 g6 20. g3 Bg5 21. Nf3
Bh6 22. Kg2 b5 23. Rac1 bxc4 24. Rxc4 Qb5 25. Rd1 1-0

[Event "AUTO-ADV-3366"]
[Site "http://www.queenalice.com/game.php?id=1375491"]
[Date "2015.8.4"]
[Round "2"]
[White "sadock8472"]
[Black "mauricio_sm"]
[Result "0-1"]
[WhiteElo "1804"]
[BlackElo "1911"]

1. Nf3 Nf6 2. c4 e6 3. g3 Be7 4. d4 d5 5. Bg2 Bd7 6. cxd5 Nxd5 7. Nc3 Nc6 8. Bf4
Nxf4 9. gxf4 Bf6 10. e3 O-O 11. Rg1 a6 12. Ne5 g6 13. Rc1 Nxe5 14. fxe5 Bg7 15.
Bxb7 Ra7 16. Bg2 Qh4 17. h3 Qe7 18. Ne4 Qb4+ 19. Qd2 a5 20. Nc5 Qxd2+ 21. Kxd2
Rd8 22. b3 Bf8 23. Nxd7 Rxd7 0-1

[Event "AUTO-ADV-3366"]
[Site "http://www.queenalice.com/game.php?id=1375492"]
[Date "2015.8.4"]
[Round "2"]
[White "guy92"]
[Black "sadock8472"]
[Result "1-0"]
[WhiteElo "2134"]
[BlackElo "1781"]

1. d4 Nf6 2. c4 g6 3. Nc3 d5 4. Nf3 Bg7 5. e3 O-O 6. Be2 Bf5 7. Qb3 Be4 8. O-O
b6 9. Nxe4 dxe4 10. Nd2 Nc6 11. a3 Rb8 12. Qc2 e5 13. d5 Ne7 14. Nxe4 Nxe4 15.
Qxe4 c6 16. dxc6 f5 17. Qc2 Nxc6 18. Rb1 e4 19. b4 Qe7 20. Bd2 Rfc8 21. Qb3 Ne5
22. Rfc1 h5 23. c5+ Kh7 24. cxb6 axb6 25. b5 Rd8 26. Bb4 Qd7 27. Rd1 Nd3 28.
Bxd3 exd3 29. Rd2 Rbc8 30. Rbd1 Qxb5 31. Qf7 Rc2 32. g3 Qc6 33. Qb3 h4 34. Rxd3
h3 35. e4 Qxe4 36. f3 1-0

[Event "AUTO-ADV-3604"]
[Site "http://www.queenalice.com/game.php?id=1413104"]
[Date "2016.3.11"]
[Round "1"]
[White "Cautor"]
[Black "sadock8472"]
[Result "0-1"]
[WhiteElo "1815"]
[BlackElo "1768"]

1. e4 e6 2. d4 d5 3. e5 c5 4. Nf3 Nc6 5. Bb5 Bd7 6. O-O cxd4 7. Bxc6 Bxc6 8.
Nxd4 Bc5 9. Be3 Bxd4 10. Bxd4 Ne7 11. Nc3 Nf5 12. a4 Rc8 13. Bxa7 d4 14. Nb5 Qd5
15. Qg4 h5 16. Qg5 Bxb5 17. axb5 Qxb5 18. h3 b6 19. g4 hxg4 20. hxg4 Qxe5 21. f4
Qe3+ 22. Rf2 Rh2 23. Kxh2 Qxf2+ 24. Kh1 Ng3# 0-1

[Event "AUTO-ADV-3604"]
[Site "http://www.queenalice.com/game.php?id=1413105"]
[Date "2016.3.11"]
[Round "1"]
[White "sadock8472"]
[Black "Cautor"]
[Result "1-0"]
[WhiteElo "1750"]
[BlackElo "1805"]

1. d4 d5 2. Nf3 Nc6 3. Bf4 Bf5 4. Nc3 Nb4 5. e4 dxe4 6. Nh4 e3 7. Nxf5 exf2+ 8.
Kxf2 e6 9. Ne3 Qf6 10. Qf3 c6 11. Ne4 Qxd4 12. c3 Nd3+ 13. Kg1 Qd7 14. Rd1 f5
15. Bxd3 fxe4 16. Bxe4 Qf7 17. Bxc6+ bxc6 18. Qxc6+ Ke7 19. Bg5+ Qf6 20. Qd7#
1-0

[Event "AUTO-ADV-3604"]
[Site "http://www.queenalice.com/game.php?id=1413116"]
[Date "2016.3.11"]
[Round "1"]
[White "Canaye"]
[Black "sadock8472"]
[Result "0-1"]
[WhiteElo "1865"]
[BlackElo "1805"]

1. d4 d5 2. c4 e6 3. Nc3 Nf6 4. cxd5 exd5 5. Bg5 Be7 6. Nf3 Ne4 7. Bxe7 Nxc3 8.
Bxd8 Nxd1 9. Kxd1 Kxd8 10. e3 Bf5 11. Rc1 f6 12. h3 Re8 13. Bb5 c6 14. Ba4 Be4
15. h4 Na6 16. a3 Nc7 17. h5 Rc8 18. Rh3 Ne6 19. b4 h6 20. b5 cxb5 21. Bxb5
Rxc1+ 22. Kxc1 Re7 23. Nd2 Rc7+ 24. Kd1 Bc2+ 25. Ke2 Rc3 26. e4 Nxd4+ 27. Kf1
Rxh3 28. gxh3 Nxb5 29. exd5 Nxa3 30. Ke2 b5 31. Nb3 Bxb3 32. Kd3 b4 33. f4 Bxd5
34. f5 b3 35. h4 b2 36. Kd4 Bb7 37. Kc3 b1=Q 38. Kd2 Nc2 39. Kc3 Be4 40. Kd2
Qe1# 0-1

[Event "AUTO-ADV-3604"]
[Site "http://www.queenalice.com/game.php?id=1413117"]
[Date "2016.3.11"]
[Round "1"]
[White "sadock8472"]
[Black "Canaye"]
[Result "1-0"]
[WhiteElo "1786"]
[BlackElo "1854"]

1. e4 e6 2. d4 d5 3. Nc3 dxe4 4. Nxe4 Nf6 5. Bg5 Be7 6. Bxf6 Bxf6 7. Nf3 Be7 8.
Bc4 O-O 9. O-O c5 10. dxc5 Nc6 11. Qxd8 Bxd8 12. c3 a6 13. b4 b5 14. cxb6 Bxb6
15. Rad1 Bb7 16. Nd6 Bc8 17. Rfe1 a5 18. b5 Ne7 19. Ne5 f6 20. Nxc8 Raxc8 21.
Bxe6+ Kh8 22. Nf7+ Rxf7 23. Bxf7 Nf5 24. Be6 Re8 25. Bxf5 Rb8 26. Re7 g6 27. Be6
Bc5 28. Rf7 f5 29. Rdd7 f4 30. Rxh7# 1-0

[Event "AUTO-ADV-3604"]
[Site "http://www.queenalice.com/game.php?id=1413122"]
[Date "2016.3.11"]
[Round "1"]
[White "Corvidae"]
[Black "sadock8472"]
[Result "1-0"]
[WhiteElo "1794"]
[BlackElo "1779"]

1. d4 Nf6 2. c4 g6 3. Nc3 Bg7 4. Nf3 d6 5. e4 O-O 6. h3 c5 7. d5 e6 8. Qc2 e5 9.
Bg5 Na6 10. a3 h6 11. Bh4 Bd7 12. Be2 g5 13. Bg3 Nh5 14. Bh2 Nf4 15. Bxf4 exf4
16. Nd2 Qa5 17. Nb3 Qb6 18. Bg4 f5 19. exf5 Rae8+ 20. Ne2 1-0

[Event "AUTO-ADV-3604"]
[Site "http://www.queenalice.com/game.php?id=1413123"]
[Date "2016.3.11"]
[Round "1"]
[White "sadock8472"]
[Black "Corvidae"]
[Result "0-1"]
[WhiteElo "1764"]
[BlackElo "1809"]

1. Nf3 Nf6 2. g3 b6 3. Bg2 Bb7 4. O-O e6 5. d3 d5 6. d4 h6 7. Nc3 c5 8. Bf4 Bd6
9. Bxd6 Qxd6 10. Nb5 Qd7 11. a4 Nc6 12. c4 a6 13. cxd5 exd5 14. Nc3 c4 15. Ne5
Qd6 16. e4 Ne7 17. exd5 Nexd5 18. Nxc4 Qd7 19. Re1+ Kd8 0-1